Normal view
MARC view
- Molina Martínez, María José
Entry Nombre Personal
001 - NUMERO DE CONTROL
- campo de control: 37994
003 - IDENTIFICADOR DE NUMERO DE CONTROL
- campo de control: UPN
005 - FECHA Y HORA DE LA ÜLTIMA TRANSACCIÓN
- campo de control: 20210219194530.0
008 - DATOS DE LONGITUD FIJA
- campo de control de longitud fija: nabaccnnaabn|||||||||| b |nc|||||d
035 ## - NUMERO DE CONTROL
- Número de control: UPN11000010101
040 ## - FUENTE DE CATALOGACIÓN
- Lenguaje de catalogación: SPA
- Agencia de transcripción: UPN
100 1# - ENCABEZAMIENTO - NOMBRE PERSONAL
- Nombre personal: Molina Martínez, María José
670 ## - FUENTE EN LA QUE SE LOCALIZARON DATOS
- Cita de la fuente: T
- Información localizada: Educar desde el corazón :cómo trabajar la educación emocional con niños
680 ## - NOTA PUBLICA DE ACCESO PÚBLICO
- Frase explicativa de la referencia: España. Graduada en Psicopedagogía. Maestra especialista en Educación Infantil e Inglés
902 ## - CATALOGADOR
- Catalogador: EMR/191115
